000 00643nam a2200217 i 4500
001 bg
100 1 _aSZKUTNIK, Leon Leszek
245 1 0 _aKorepetytor z angielskiego /
_cLeon Leszek Szkutnik.
260 _aWarszawa :
_b"Prószyński i S-ka",
_c2003.
300 _a350 s. ;
_c24 cm.
650 9 _aJęzyk angielski
655 _aPodręczniki
020 _a8373372172
040 _cBPK
041 w _aenpl
080 _a811.111(07)
920 _a83-7337-217-2
942 _cKS
008 s pl f |000 0 pol
999 _c42981
_d42981
856 _uhttp://koha.tu.koszalin.pl/cgi-bin/koha/opac-detail.pl?biblionumber=42981
_yKatalog online BPK